000 01191nam a2200217Ia 4500
003 Ost
005 20260416102359.0
008 260416s9999||||xx |||||||||||||| ||und||
040 _cfsecg
041 _aara
082 _a1.64
100 _aرابحي، فطيمة
_eمؤلف
245 0 _aإعلام آلي 2 :
_bمطبوعة بيداغوجية موجهة لطلبة السنة الثانية ليسانس /
_c فطيمة رابحي
260 _aالجزائر
_bجامعة الجزائر3: كلية العلوم الإقتصادية، العلوم التجارية وعلوم التسيير
_c2022
300 _a124 ورقة
_bايضاحات
_c30 سم
520 _aاستخدام الحاسوب في حل مسألة ، مبادئ أولية في الخوارزميات ، التعليمات الأساسية ، الجمل الشرطية ، الحلقة التكرارية ، تمارين محلولة .
653 _aالبرمجة الآلية
653 _aالحاسبات الالكترونية
710 _aجامعة الجزائر3: كلية العلوم الإقتصادية، العلوم التجارية وعلوم التسيير
_eناشر علمي
942 _cHANDOUT
999 _c41325
_d41325